00494nam a2200181Ia 450000500170000000800410001702000180005804100080007608200160008410000120010024500450011225000110015726000410016830000090020950000410021865000410025970000120030020230328110051.0230125s9999 xx 000 0 und d a9788184955774 aeng a658.15bIRA aIrani M aMad Money JourneybA Financial Adventure aEd.1st c2014bJaico Publishing HouseaMumbai a229p aFinancial Management;Finance General aFinancial Management;Finance General aIrani M